000 00596nam a2200229Ia 4500
003 OSt
005 20230620105716.0
008 210423s2013 xx 000 0 und d
020 _a978-81-265-2571-3
040 _cAL
041 _aeng
082 _a543.0858
_223
_b HOLM
100 _aHOLLAS (J Michael)
_9105897
245 _aModern spectoscopy Ed 4
260 _aNew Delhi
_bWiley and Sons
_c2013
300 _axviii,452
_bPB
365 _b1095
_cINR
650 _aAnalytical Chemistry
_9105898
650 _aChemistry
_9105899
906 _aEd ; Modern ; spectoscopy
942 _2ddc
_cBK
999 _c166530
_d166530